Jamaica parishes - Statistics

General Stats
  • This quiz has been taken 21 times
  • The average score is 9 of 14
Answer Stats
Answer % Correct
Saint Andrew
80%
Saint Thomas
80%
Westmoreland
80%
Clarendon
70%
Portland
70%
Saint Ann
70%
Saint James
70%
Hanover
60%
Manchester
60%
Saint Catherine
60%
Saint Elizabeth
60%
Saint Mary
60%
Trelawny
40%
Kingston parish
0%
No matching quizzes found
Score Distribution
Percent of People with Each Score
Percentile by Number Answered
Your Score History
You have not taken this quiz